000 00210 a2200097 4500
001 54145
100 _aPerto Roheela
245 _aSafar Gasht
260 _aLahore
_bFerozsons Ltd
_c1993
090 _c33756
_d33756
942 _aNUST-CAE
_cM
_c26398
999 _c289218
_d289218